00597nam a2200169Ia 4500008004100000020001800041082002000059100002600079245006500105260002700170300001000197440004900207500001600256650004100272952009700313999001700410120629s9999 xx 000 0 und d a968-24-4228-1 a001.64007 G384t aGerth, Carlos Gabriel aTodo el AutoCAD 14 en un solo libro / Carlos Gabriel Gerth  aMéxico: Trillas: GYR a215 p aColección de computación GYR-Trillas, 22 aApéndices aAUTOCAD (PROGRAMA DE COMPUTADORA)Ì 00104070a15b15d2007-02-22l0o001.64007 G384Tp15 000867r2017-12-07t1w2012-06-28yLB c75512d75512